[Event "Druga liga Srbije grupa Vojvodina 2013"]
[Site "Stari Banovci"]
[Date "2013.11.08"]
[Round "7.3"]
[White "Joksimovic, Dragoljub"]
[Black "Elez, Nikola"]
[Result "1/2-1/2"]
[WhiteElo "2164"]
[BlackElo "2217"]
[PlyCount "37"]
[EventDate "2013.11.04"]

1. c4 d6 2. Nc3 e5 3. g3 Nc6 4. Bg2 Be6 5. b3 Qd7 6. e3 Nf6 7. Bb2 Be7 8. h3
O-O 9. Nge2 d5 10. d4 exd4 11. Nxd4 Nxd4 12. cxd5 Nxd5 13. Nxd5 Bxd5 14. Qxd4
Bf6 15. Qxd5 Qxd5 16. Bxd5 Bxb2 17. Rd1 c6 18. Bf3 Rad8 19. Ke2 1/2-1/2

[Event "Druga liga Srbije grupa Vojvodina 2013"]
[Site "Stari Banovci"]
[Date "2013.11.08"]
[Round "7.3"]
[White "Mitrovic, Zivadin"]
[Black "Zobenica, Ivan"]
[Result "1/2-1/2"]
[WhiteElo "2187"]
[BlackElo "2064"]
[PlyCount "83"]
[EventDate "2013.11.04"]

1. b4 d5 2. Bb2 Nf6 3. e3 Bf5 4. Nf3 Nbd7 5. c4 e6 6. a3 Be7 7. Nc3 O-O 8. Be2
c5 9. b5 Qc7 10. d3 dxc4 11. dxc4 Rfd8 12. Qb3 Ne4 13. O-O Bf6 14. Rad1 Nxc3
15. Bxc3 h6 16. h3 e5 17. Qb2 Re8 18. Nh2 e4 19. Ng4 Bxc3 20. Qxc3 Rad8 21. Rd2
Bxg4 22. hxg4 Nf6 23. Rfd1 Rxd2 24. Qxd2 Qe5 25. a4 Re7 26. Qd6 Qxd6 27. Rxd6
Rd7 28. Rxd7 Nxd7 29. a5 Kf8 30. f3 exf3 31. gxf3 Ke7 32. Kf2 Kd6 33. f4 g5 34.
Kf3 Nf8 35. Bd3 Ne6 36. Bf5 Ng7 37. Be4 b6 38. axb6 axb6 39. Bd3 Ne6 40. Bf5
Ng7 41. Be4 Ke7 42. f5 1/2-1/2

[Event "Druga liga Srbije grupa Vojvodina 2013"]
[Site "Stari Banovci"]
[Date "2013.11.08"]
[Round "7.3"]
[White "Gavric, Zivojin"]
[Black "Besedes, Danilo"]
[Result "1-0"]
[WhiteElo "2124"]
[BlackElo "1974"]
[PlyCount "89"]
[EventDate "2013.11.04"]

1. e4 e5 2. Nf3 Nc6 3. Bb5 a6 4. Bxc6 dxc6 5. d4 exd4 6. Qxd4 Qxd4 7. Nxd4 Bd7
8. Be3 O-O-O 9. Nd2 Re8 10. O-O-O c5 11. Ne2 b6 12. Bf4 Bc6 13. Ng3 Ne7 14. f3
h5 15. h4 Ng6 16. Be3 Ne5 17. Bf2 g6 18. Ngf1 Bh6 19. Be3 Bg7 20. Bf4 Rhf8 21.
Ng3 Bb5 22. Nb1 Nc4 23. c3 Ne5 24. Kc2 c4 25. Na3 Nd3 26. Be3 Be5 27. Ne2 Bd6
28. Nxb5 axb5 29. Nd4 b4 30. cxb4 Nxb4+ 31. Kc3 c5 32. Nb5 Nxa2+ 33. Kxc4 Bb8
34. Nd6+ Bxd6 35. Rxd6 Kb7 36. Kb5 Re6 37. Rxe6 fxe6 38. Rd1 Nb4 39. Rd6 Kc7
40. Rxb6 Nd3 41. Rxe6 Ra8 42. Bxc5 Nxb2 43. Re7+ Kc8 44. Ra7 Kb8 45. Rd7 1-0

[Event "Druga liga Srbije grupa Vojvodina 2013"]
[Site "Stari Banovci"]
[Date "2013.11.08"]
[Round "7.4"]
[White "Bodiroga, Predrag"]
[Black "Savanovic, Vuk"]
[Result "1-0"]
[WhiteElo "2389"]
[BlackElo "2297"]
[PlyCount "85"]
[EventDate "2013.11.04"]

1. c4 c5 2. Nf3 g6 3. e3 Bg7 4. d4 cxd4 5. exd4 Nf6 6. Nc3 O-O 7. Bg5 h6 8. Bh4
d6 9. Be2 Nbd7 10. O-O b6 11. Qb3 Bb7 12. Rad1 Rc8 13. d5 Qc7 14. Nb5 Qb8 15.
Qa3 a6 16. Nbd4 Qa8 17. Qe3 Rfe8 18. a4 Ng4 19. Qd2 Nc5 20. Qb4 a5 21. Qa3 Na6
22. Qa2 Qb8 23. Nb5 Nc7 24. Nfd4 Nf6 25. Rfe1 Rcd8 26. Bd3 Nxb5 27. axb5 Qc8
28. Nc6 Bxc6 29. bxc6 e5 30. f3 Qc7 31. Qa4 Rb8 32. Bf2 Nh5 33. Qb5 f5 34. b4
axb4 35. Qxb4 Nf4 36. Bf1 e4 37. fxe4 fxe4 38. Qb1 Qe7 39. g3 g5 40. Bd4 Nh5
41. Bh3 Bxd4+ 42. Rxd4 g4 43. Rdxe4 1-0

[Event "Druga liga Srbije grupa Vojvodina 2013"]
[Site "Stari Banovci"]
[Date "2013.11.08"]
[Round "7.4"]
[White "Grujic, Zoran"]
[Black "Levnajic, Pavle"]
[Result "0-1"]
[WhiteElo "2322"]
[BlackElo "2251"]
[PlyCount "76"]
[EventDate "2013.11.04"]

1. Nf3 g6 2. d4 Bg7 3. c4 d6 4. Nc3 Nf6 5. e4 O-O 6. Be2 e5 7. O-O Qe8 8. dxe5
dxe5 9. Be3 Na6 10. Nd2 c6 11. a3 Qe7 12. b4 Rd8 13. c5 Nc7 14. h3 Ne6 15. Re1
Nd4 16. Bf1 Be6 17. Nc4 Ne8 18. Qb1 Bxc4 19. Bxc4 Nc7 20. Qb2 Nce6 21. Red1 Rd7
22. Rd2 Rad8 23. Rad1 Bf6 24. Rd3 Kg7 25. Qd2 Bg5 26. Bxg5 Nxg5 27. Qe3 Nge6
28. g3 h5 29. h4 Qf6 30. Kg2 Nc2 31. Qc1 Ne1+ 32. Rxe1 Rxd3 33. Bxd3 Rxd3 34.
Re3 Qd8 35. Ne2 Rxe3 36. Qxe3 Qd1 37. Nc1 Nd4 38. Nd3 Nc2 0-1

[Event "Druga liga Srbije grupa Vojvodina 2013"]
[Site "Stari Banovci"]
[Date "2013.11.08"]
[Round "7.4"]
[White "Remecki, Sinisa"]
[Black "Krejic, Igor"]
[Result "0-1"]
[WhiteElo "2232"]
[BlackElo "2216"]
[PlyCount "57"]
[EventDate "2013.11.04"]

1. d4 Nf6 2. Bg5 Ne4 3. Bf4 d5 4. Nd2 Bf5 5. f3 Nf6 6. h4 h5 7. Nh3 e6 8. Ng5
Bd6 9. g3 Qe7 10. Bh3 Bxh3 11. Nxh3 Bxf4 12. Nxf4 Qb4 13. e3 Qxb2 14. Rb1 Qc3
15. Kf2 Nbd7 16. Rxb7 Nb6 17. Nb3 O-O 18. Nd3 Rfc8 19. Nbc5 Ne8 20. g4 hxg4 21.
fxg4 Nd6 22. g5 Nxb7 23. Nxb7 Nc4 24. Nbc5 Rab8 25. Nb3 a5 26. a4 Na3 27. Nd2
Nxc2 28. Qe2 c5 29. Nxc5 0-1

[Event "Druga liga Srbije grupa Vojvodina 2013"]
[Site "Stari Banovci"]
[Date "2013.11.08"]
[Round "7.4"]
[White "Dimitrijevic, Nenad"]
[Black "Onjin, Branko"]
[Result "1-0"]
[WhiteElo "2197"]
[BlackElo "1987"]
[PlyCount "40"]
[EventDate "2013.11.04"]

1. e4 e6 2. d4 d5 3. Nc3 Bb4 4. exd5 exd5 5. Bd3 Nf6 6. Bg5 O-O 7. Nge2 h6 8.
Bh4 c6 9. O-O Bd6 10. Bg3 Qc7 11. Qd2 Bxg3 12. Nxg3 b5 13. Nd1 Re8 14. a4 bxa4
15. Rxa4 Nbd7 16. Nc3 Nf8 17. Rfa1 N6d7 18. b3 Ng6 19. h3 Ne7 20. Nh5 c5 1-0

[Event "Druga liga Srbije grupa Vojvodina 2013"]
[Site "Stari Banovci"]
[Date "2013.11.08"]
[Round "7.4"]
[White "Jacimovic, Zoran"]
[Black "Banovic, Ivan"]
[Result "1/2-1/2"]
[WhiteElo "2169"]
[BlackElo "2170"]
[PlyCount "120"]
[EventDate "2013.11.04"]

1. e4 c5 2. Nf3 d6 3. c3 Nf6 4. Bb5+ Bd7 5. Bxd7+ Qxd7 6. d3 e6 7. O-O Be7 8.
Re1 Nc6 9. d4 cxd4 10. cxd4 d5 11. e5 Ne4 12. a3 O-O 13. Nbd2 Nxd2 14. Bxd2
Rfc8 15. h4 h6 16. Qb3 a6 17. g3 b5 18. Qd3 Qb7 19. Kg2 Rab8 20. Rh1 Bf8 21. g4
Ne7 22. h5 Qc7 23. Rac1 Qd7 24. Bb4 Rxc1 25. Rxc1 Rc8 26. Bc5 Nc6 27. b4 Bxc5
28. bxc5 Qe7 29. Kh3 f6 30. Re1 Rf8 31. Nh4 Qf7 32. Ng6 fxe5 33. Nxf8 Qxf8 34.
dxe5 Qxf2 35. Qe3 Qf8 36. Rc1 a5 37. Kg2 b4 38. axb4 axb4 39. Rf1 Qe7 40. Kh3
Qa7 41. Qf4 Qe7 42. Rf3 Qe8 43. Kh4 Qe7+ 44. Kg3 b3 45. Rxb3 Qxc5 46. Rf3 Qg1+
47. Kh4 Qh1+ 48. Rh3 Qe1+ 49. Qg3 Qxe5 50. Qxe5 Nxe5 51. Re3 Nd7 52. Rxe6 Kf7
53. Rd6 Nf6 54. Ra6 Ne4 55. Kh3 Ng5+ 56. Kg3 Ne6 57. Kf3 Kf6 58. Ke3 Ke5 59.
Ra5 Ng5 60. Rb5 Ne6 1/2-1/2

[Event "Druga liga Srbije grupa Vojvodina 2013"]
[Site "Stari Banovci"]
[Date "2013.11.08"]
[Round "7.4"]
[White "Gabric, Goran"]
[Black "Adamov, Ivan"]
[Result "1-0"]
[WhiteElo "2127"]
[BlackElo "1901"]
[PlyCount "53"]
[EventDate "2013.11.04"]

1. e4 c5 2. Nc3 Nc6 3. d3 d6 4. g3 g6 5. Bg2 Bg7 6. Be3 e6 7. Nge2 Nge7 8. O-O
O-O 9. Qd2 Rb8 10. Bh6 b5 11. Bxg7 Kxg7 12. Nd1 b4 13. Ne3 f5 14. exf5 exf5 15.
d4 Bb7 16. d5 Ne5 17. Nf4 Rf6 18. Ne6+ Rxe6 19. dxe6 Nf3+ 20. Bxf3 Bxf3 21. Nc4
Nc8 22. Qf4 Bh5 23. f3 Qf6 24. Nxd6 Nxd6 25. Qxd6 Rd8 26. Qxc5 Qxe6 27. Rae1
1-0

[Event "Druga liga Srbije grupa Vojvodina 2013"]
[Site "Stari Banovci"]
[Date "2013.11.08"]
[Round "7.5"]
[White "Marholev, Dimitar"]
[Black "Cabarkapa, Novak"]
[Result "1/2-1/2"]
[WhiteElo "2303"]
[BlackElo "2402"]
[PlyCount "40"]
[EventDate "2013.11.04"]

1. e4 e6 2. d4 d5 3. Nd2 c5 4. exd5 Qxd5 5. Ngf3 cxd4 6. Bc4 Qd7 7. Nb3 Nc6 8.
O-O Nf6 9. Bg5 a6 10. a4 Be7 11. Qe2 O-O 12. Rfd1 Qc7 13. Nbxd4 Nxd4 14. Rxd4
b6 15. Bf4 Qc5 16. Rad1 Bb7 17. Ne5 b5 18. axb5 axb5 19. Bxb5 Ra1 20. c3 Rfa8
1/2-1/2

[Event "Druga liga Srbije grupa Vojvodina 2013"]
[Site "Stari Banovci"]
[Date "2013.11.08"]
[Round "7.5"]
[White "Varga, Zoltan"]
[Black "Dragojlovic, Andjelko"]
[Result "1/2-1/2"]
[WhiteElo "2441"]
[BlackElo "2337"]
[PlyCount "40"]
[EventDate "2013.11.04"]

1. c4 Nf6 2. Nc3 g6 3. e4 c5 4. Nf3 Nc6 5. d4 cxd4 6. Nxd4 d6 7. Be2 Nxd4 8.
Qxd4 Bg7 9. Bg5 O-O 10. Qd2 Be6 11. Rc1 Qa5 12. b3 Rfc8 13. f4 a6 14. O-O b5
15. f5 b4 16. fxe6 bxc3 17. exf7+ Kf8 18. Qe3 Rc5 19. Bxf6 exf6 20. Qh3 Kxf7
1/2-1/2

[Event "Druga liga Srbije grupa Vojvodina 2013"]
[Site "Stari Banovci"]
[Date "2013.11.08"]
[Round "7.5"]
[White "Petkovic, Radosav"]
[Black "Jesenski, Tibor"]
[Result "1-0"]
[WhiteElo "2264"]
[BlackElo "2328"]
[PlyCount "133"]
[EventDate "2013.11.04"]

1. e4 d6 2. d4 Nf6 3. Nc3 g6 4. h3 Bg7 5. Nge2 b5 6. f3 b4 7. Nb1 Ba6 8. a3
bxa3 9. Rxa3 O-O 10. Nbc3 Bxe2 11. Nxe2 Nbd7 12. Be3 c5 13. g3 Rb8 14. b3 Qb6
15. Ra4 cxd4 16. Bxd4 Nc5 17. Ra2 a6 18. Bg2 Qb4+ 19. Qd2 Qxd2+ 20. Kxd2 Nfd7
21. Bxg7 Kxg7 22. Nc3 e6 23. Rha1 Ne5 24. Na4 Nxb3+ 25. cxb3 Rxb3 26. Ke2 Rfb8
27. Rc2 R8b4 28. Nc3 Nc6 29. Rcc1 Nd4+ 30. Kf1 Rc4 31. Ne2 Rxc1+ 32. Nxc1 Rb2
33. Nd3 Rb3 34. Ne1 Rb6 35. Ra2 f5 36. Kf2 fxe4 37. fxe4 Nb5 38. Nd3 Nc3 39.
Ra3 Nb1 40. Ra1 Rb3 41. Ke2 Na3 42. Ra2 a5 43. Bf3 Kf6 44. Kd2 Nb1+ 45. Ke3 Rb5
46. Rb2 Na3 47. Rxb5 Nxb5 48. Nb2 Ke7 49. Bd1 d5 50. e5 Nc3 51. Bc2 Kf7 52. Na4
Nb5 53. Nc5 Na7 54. Ba4 Nc8 55. Bd7 Na7 56. Bxe6+ Ke7 57. Kd4 a4 58. Bxd5 a3
59. Bb3 h6 60. Kc3 Nb5+ 61. Kb4 Nc7 62. Kxa3 Nb5+ 63. Kb2 Nd4 64. Bd1 Nc6 65.
Nd3 Ke6 66. Bg4+ Kd5 67. Bf3+ 1-0

[Event "Druga liga Srbije grupa Vojvodina 2013"]
[Site "Stari Banovci"]
[Date "2013.11.08"]
[Round "7.5"]
[White "Arbutina, Sinisa"]
[Black "Kokeza, Mirko"]
[Result "1-0"]
[WhiteElo "2280"]
[BlackElo "2280"]
[PlyCount "73"]
[EventDate "2013.11.04"]

1. d4 g6 2. c4 Bg7 3. Nc3 d6 4. e4 Nd7 5. Be3 c6 6. Qd2 a6 7. a4 h5 8. Bd3 Ngf6
9. f3 O-O 10. Nge2 e5 11. d5 cxd5 12. cxd5 Nh7 13. b4 f5 14. Qc2 Qh4+ 15. Bf2
Qg5 16. h4 Qf6 17. a5 Bh6 18. Ng3 Bf4 19. Nge2 Bh6 20. Ng3 Bf4 21. Nge2 Bh6 22.
Ra3 Qf7 23. Ng3 f4 24. Nge2 g5 25. hxg5 Bxg5 26. Na4 Nhf6 27. Rc3 Qg6 28. Nc1
Kh8 29. Nb3 Rg8 30. Nd2 Bh6 31. Bf1 Ng4 32. fxg4 hxg4 33. Be2 f3 34. Nxf3 gxf3
35. Bxf3 Rb8 36. Be3 Qg3+ 37. Qf2 1-0

[Event "Druga liga Srbije grupa Vojvodina 2013"]
[Site "Stari Banovci"]
[Date "2013.11.08"]
[Round "7.5"]
[White "Jovic, Stevan"]
[Black "Marjanusic, Vladimir"]
[Result "1/2-1/2"]
[WhiteElo "2244"]
[BlackElo "2272"]
[PlyCount "45"]
[EventDate "2013.11.04"]

1. d4 d5 2. c4 c6 3. e3 Nf6 4. Nc3 e6 5. Nf3 Nbd7 6. Qc2 Bd6 7. Be2 O-O 8. O-O
e5 9. dxe5 Nxe5 10. cxd5 cxd5 11. Nb5 Bb8 12. Nbd4 Bg4 13. h3 Bh5 14. Nxe5 Bxe2
15. Nxf7 Rxf7 16. Qxe2 Ne4 17. Qg4 Be5 18. Qe6 Bxd4 19. exd4 Rc8 20. f3 Rc6 21.
Qe5 Re7 22. Bg5 Nxg5 23. Qxg5 1/2-1/2

[Event "Druga liga Srbije grupa Vojvodina 2013"]
[Site "Stari Banovci"]
[Date "2013.11.08"]
[Round "7.5"]
[White "Vidic, Stevan"]
[Black "Dokic, Zoran"]
[Result "1/2-1/2"]
[WhiteElo "2278"]
[BlackElo "2179"]
[PlyCount "39"]
[EventDate "2013.11.04"]

1. d4 Nf6 2. Nf3 g6 3. c4 Bg7 4. Nc3 O-O 5. g3 d6 6. Bg2 c5 7. O-O Nc6 8. d5
Na5 9. Qd3 a6 10. Rb1 b5 11. Nd2 Rb8 12. b3 e6 13. e4 exd5 14. Nxd5 Ng4 15. Bb2
Bxb2 16. Rxb2 Be6 17. Rbb1 Nc6 18. f4 Nb4 19. Nxb4 cxb4 20. Qd4 1/2-1/2

[Event "Druga liga Srbije grupa Vojvodina 2013"]
[Site "Stari Banovci"]
[Date "2013.11.09"]
[Round "8.1"]
[White "Sertic, Rudolf"]
[Black "Indjic, Dusan"]
[Result "1-0"]
[WhiteElo "2358"]
[BlackElo "2291"]
[PlyCount "79"]
[EventDate "2013.11.04"]

1. Nf3 Nf6 2. c4 g6 3. Nc3 Bg7 4. e4 O-O 5. d4 d6 6. Be2 c5 7. O-O Nc6 8. d5
Na5 9. Rb1 e5 10. a3 Bg4 11. b4 Bxf3 12. gxf3 cxb4 13. axb4 Nxc4 14. Bxc4 Rc8
15. Qb3 Qc7 16. Nb5 Qxc4 17. Qxc4 Rxc4 18. Nxd6 Rc7 19. Nb5 Rc4 20. Nxa7 Ra8
21. Be3 Bf8 22. Rfc1 Rxc1+ 23. Rxc1 Ne8 24. b5 Nd6 25. b6 f5 26. Bc5 Ne8 27.
Bxf8 Kxf8 28. f4 exf4 29. e5 Rd8 30. d6 f3 31. h4 h6 32. Rc7 Nxd6 33. exd6 Rxd6
34. Rxb7 Ke8 35. Nb5 Rc6 36. Nd4 Rc3 37. Ra7 Rc1+ 38. Kh2 Rb1 39. b7 Kd8 40.
b8=Q+ 1-0

[Event "Druga liga Srbije grupa Vojvodina 2013"]
[Site "Stari Banovci"]
[Date "2013.11.09"]
[Round "8.1"]
[White "Kovacevic, Dragan"]
[Black "Mastrapovic, Vladimir"]
[Result "0-1"]
[WhiteElo "2236"]
[BlackElo "2280"]
[PlyCount "70"]
[EventDate "2013.11.04"]

1. e4 c5 2. Nf3 g6 3. d4 cxd4 4. Qxd4 Nf6 5. e5 Nc6 6. Qf4 Nd5 7. Qe4 Ndb4 8.
c3 d5 9. Qe2 Na6 10. g3 Bg7 11. Bg2 Nc7 12. Nbd2 Bf5 13. O-O Qd7 14. Re1 O-O
15. Nb3 Bg4 16. Nc5 Qc8 17. Nd3 Qf5 18. Qe3 Qc8 19. Bd2 Na5 20. b3 b6 21. Nd4
Qd7 22. f3 Bf5 23. Nb4 Bh3 24. Bh1 f6 25. Nd3 fxe5 26. Nxe5 Qd6 27. g4 Ne6 28.
Nxe6 Qxe6 29. Red1 Rad8 30. Bc1 Nc6 31. Nxc6 Qxc6 32. Bd2 e5 33. Bc1 d4 34.
cxd4 exd4 35. Qd3 Rfe8 0-1

[Event "Druga liga Srbije grupa Vojvodina 2013"]
[Site "Stari Banovci"]
[Date "2013.11.09"]
[Round "8.1"]
[White "Skoko, Milan"]
[Black "Markovic, Dragan M"]
[Result "1-0"]
[WhiteElo "2239"]
[BlackElo "2022"]
[PlyCount "51"]
[EventDate "2013.11.04"]

1. e4 c6 2. d4 d6 3. Nc3 Nf6 4. f4 e5 5. dxe5 dxe5 6. Qxd8+ Kxd8 7. fxe5 Ng4 8.
Nf3 Bb4 9. a3 Bxc3+ 10. bxc3 Nh6 11. Bg5+ Kc7 12. Be7 b6 13. Bd6+ Kd7 14. O-O-O
Ke8 15. Bc4 a5 16. Bc7 Nd7 17. e6 fxe6 18. Bxe6 Nf7 19. Bxd7+ Bxd7 20. Bxb6 Be6
21. a4 Ra6 22. Bc5 h6 23. Nd4 Nd8 24. Rhf1 Bc4 25. Rf2 Nb7 26. Rf5 1-0

[Event "Druga liga Srbije grupa Vojvodina 2013"]
[Site "Stari Banovci"]
[Date "2013.11.09"]
[Round "8.2"]
[White "Bulajic, Ratko"]
[Black "Varga, Zoltan"]
[Result "0-1"]
[WhiteElo "2284"]
[BlackElo "2441"]
[PlyCount "79"]
[EventDate "2013.11.04"]

1. d4 d5 2. c4 dxc4 3. Nf3 c6 4. e4 Bg4 5. Bxc4 e6 6. Be3 Nf6 7. Nc3 Be7 8. a4
O-O 9. h3 Bh5 10. Qb3 Nbd7 11. Ne5 Qc7 12. f4 Bg6 13. Nxg6 hxg6 14. O-O Qb6 15.
Qxb6 axb6 16. Bb3 Bb4 17. Bc2 Rfd8 18. Rfd1 Ne8 19. g4 Nc7 20. Kf2 Ra5 21. Na2
Be7 22. b4 Raa8 23. Rab1 b5 24. Nc3 bxa4 25. Nxa4 Nb5 26. Rd3 Ra6 27. Kf3 b6
28. d5 cxd5 29. exd5 e5 30. Bb3 Nd6 31. Rdd1 Bf6 32. b5 Nxb5 33. Bc4 Nd4+ 34.
Bxd4 Rxa4 35. fxe5 Bxe5 36. Rbc1 Bxd4 37. Rxd4 b5 38. Ke3 bxc4 39. d6 Ra3+ 40.
Kf4 0-1

[Event "Druga liga Srbije grupa Vojvodina 2013"]
[Site "Stari Banovci"]
[Date "2013.11.09"]
[Round "8.2"]
[White "Tokovic, Svetozar"]
[Black "Arbutina, Sinisa"]
[Result "1/2-1/2"]
[WhiteElo "2237"]
[BlackElo "2280"]
[PlyCount "25"]
[EventDate "2013.11.04"]

1. Nf3 d5 2. g3 Nf6 3. Bg2 c6 4. O-O Bg4 5. d3 e6 6. Nbd2 Bc5 7. h3 Bh5 8. Qe1
Nbd7 9. e4 dxe4 10. dxe4 e5 11. Nh4 O-O 12. Nc4 Bg6 13. b4 1/2-1/2

[Event "Druga liga Srbije grupa Vojvodina 2013"]
[Site "Stari Banovci"]
[Date "2013.11.09"]
[Round "8.2"]
[White "Marjanusic, Vladimir"]
[Black "Ivanovic, Miroslav"]
[Result "1-0"]
[WhiteElo "2272"]
[BlackElo "2069"]
[PlyCount "97"]
[EventDate "2013.11.04"]

1. e4 e5 2. Nf3 Nc6 3. Bb5 a6 4. Ba4 Nf6 5. O-O Be7 6. d3 d6 7. c3 O-O 8. Nbd2
Re8 9. Re1 Bf8 10. Nf1 h6 11. Ng3 b5 12. Bb3 Na5 13. Bc2 c5 14. d4 Bg4 15. d5
Nc4 16. b3 Na5 17. h3 Bd7 18. Nh2 Rc8 19. Be3 g6 20. f3 h5 21. Bg5 Be7 22. Be3
h4 23. Ne2 Nh5 24. Qd2 Bf6 25. Ng4 Bxg4 26. fxg4 Nf4 27. g5 Bxg5 28. Nxf4 exf4
29. Bxf4 Bf6 30. Rad1 b4 31. cxb4 cxb4 32. Rf1 Nb7 33. Bb1 a5 34. Qf2 Kg7 35.
e5 dxe5 36. Bg5 Bxg5 37. Qxf7+ Kh8 38. Qxg6 Rc7 39. d6 Rg7 40. Qh5+ Kg8 41. Be4
Nc5 42. Bd5+ Ne6 43. Rf5 Be3+ 44. Kh1 Rh7 45. Qg6+ Kh8 46. Bxe6 Rf8 47. d7 Rxf5
48. Bxf5 Rh6 49. Qe8+ 1-0

[Event "Druga liga Srbije grupa Vojvodina 2013"]
[Site "Stari Banovci"]
[Date "2013.11.09"]
[Round "8.2"]
[White "Roganovic, Nebojsa"]
[Black "Vidic, Stevan"]
[Result "1/2-1/2"]
[WhiteElo "2222"]
[BlackElo "2278"]
[PlyCount "83"]
[EventDate "2013.11.04"]

1. e4 e6 2. d4 d5 3. Nd2 Nf6 4. Bd3 c5 5. e5 Nfd7 6. c3 Nc6 7. Ne2 Be7 8. O-O
O-O 9. Nf3 a6 10. Re1 b5 11. Bb1 Re8 12. g3 Nf8 13. h4 b4 14. cxb4 cxb4 15. Qc2
Bd7 16. Bg5 Rc8 17. Qd3 Na5 18. b3 Bb5 19. Qd2 Bxe2 20. Qxe2 Bxg5 21. Nxg5 f6
22. exf6 gxf6 23. Nh3 Nc6 24. Bd3 Rc7 25. Rac1 Kh8 26. Qe3 Ne7 27. Nf4 Rxc1 28.
Rxc1 Qd6 29. Nh5 Ng8 30. Rc2 e5 31. dxe5 fxe5 32. Qa7 Qh6 33. Be2 Qg6 34. Rc6
Ne6 35. Qd7 d4 36. Qd5 Qf5 37. g4 Nf4 38. Nxf4 Qxf4 39. Qd7 Rf8 40. f3 Nf6 41.
Qf5 Qxf5 42. gxf5 1/2-1/2

[Event "Druga liga Srbije grupa Vojvodina 2013"]
[Site "Stari Banovci"]
[Date "2013.11.09"]
[Round "8.3"]
[White "Kokeza, Mirko"]
[Black "Dimitrijevic, Nenad"]
[Result "1/2-1/2"]
[WhiteElo "2280"]
[BlackElo "2197"]
[PlyCount "24"]
[EventDate "2013.11.04"]

1. e4 c5 2. Nf3 Nc6 3. d4 cxd4 4. Nxd4 e6 5. Nc3 Qc7 6. Be3 Nf6 7. f3 a6 8. Qd2
Be7 9. O-O-O b5 10. Nce2 Bb7 11. Kb1 Ne5 12. Nc1 d5 1/2-1/2

[Event "Druga liga Srbije grupa Vojvodina 2013"]
[Site "Stari Banovci"]
[Date "2013.11.09"]
[Round "8.4"]
[White "Runic, Zoran"]
[Black "Bodiroga, Predrag"]
[Result "1-0"]
[WhiteElo "2424"]
[BlackElo "2389"]
[PlyCount "111"]
[EventDate "2013.11.04"]

1. e4 c6 2. d4 d5 3. e5 c5 4. dxc5 Nc6 5. Bb5 e6 6. Nf3 Nge7 7. O-O Bd7 8. Bd3
Ng6 9. Re1 Bxc5 10. c3 a6 11. Nbd2 Qb6 12. Rf1 Ncxe5 13. Bc2 Bb5 14. b4 Be7 15.
Re1 Nd3 16. Bxd3 Bxd3 17. Nb3 Bb5 18. Be3 Qc7 19. Bd4 O-O 20. h4 Bd6 21. h5 Ne7
22. h6 g6 23. Bg7 Rfe8 24. Nbd4 Nc6 25. Nxc6 Bxc6 26. Qd4 Ba4 27. Ne5 f5 28.
Re3 Bxe5 29. Bxe5 Qc4 30. Qd2 Rac8 31. Rae1 Bc6 32. Bd4 Kf7 33. R3e2 e5 34. Qg5
Qxe2 35. Rxe2 exd4 36. Rxe8 Rxe8 37. cxd4 Re1+ 38. Kh2 Re7 39. f3 Ke6 40. Kg3
Kf7 41. Qf4 Kf6 42. Kh4 Re2 43. g4 Re6 44. Qg5+ Kf7 45. gxf5 Rf6 46. fxg6+ Rxg6
47. Qf4+ Ke6 48. Qf8 Rf6 49. Qg8+ Rf7 50. f4 Ke7 51. Qg5+ Ke8 52. f5 Bd7 53. f6
Be6 54. Qg3 Kd7 55. Qb8 Kc6 56. Qe8+ 1-0

[Event "Druga liga Srbije grupa Vojvodina 2013"]
[Site "Stari Banovci"]
[Date "2013.11.09"]
[Round "8.4"]
[White "Levnajic, Pavle"]
[Black "Radusinovic, Lazar"]
[Result "0-1"]
[WhiteElo "2251"]
[BlackElo "2281"]
[PlyCount "60"]
[EventDate "2013.11.04"]

1. d4 d5 2. c4 c6 3. cxd5 cxd5 4. Nf3 Nf6 5. Bg5 e6 6. Nc3 Be7 7. e3 O-O 8. Bd3
h6 9. Bh4 Nc6 10. Rc1 Ne8 11. Bxe7 Qxe7 12. O-O Nd6 13. Ne2 Bd7 14. Ne5 Rfc8
15. f4 f5 16. b3 Nb4 17. Nc3 Rc7 18. Qd2 Rac8 19. Be2 Kh7 20. Bf3 Nb5 21. Nxd7
Nxc3 22. Nc5 Ncxa2 23. Ra1 b6 24. Rxa2 Nxa2 25. Nd3 Rc2 26. Qd1 a5 27. Qe1 Nc3
28. Bd1 Ra2 29. Ne5 Nxd1 30. Qxd1 Rcc2 0-1

[Event "Druga liga Srbije grupa Vojvodina 2013"]
[Site "Stari Banovci"]
[Date "2013.11.09"]
[Round "8.4"]
[White "Cecaric, Milan"]
[Black "Jacimovic, Zoran"]
[Result "0-1"]
[WhiteElo "1979"]
[BlackElo "2169"]
[PlyCount "64"]
[EventDate "2013.11.04"]

1. e4 c6 2. g3 d5 3. exd5 cxd5 4. d4 Nc6 5. Bg2 Nf6 6. Nf3 Bg4 7. O-O e6 8. Qd3
Qb6 9. c3 Bd6 10. Nh4 Bh5 11. Nd2 g5 12. Nhf3 h6 13. b3 Bg6 14. Qe2 Ne4 15. Bb2
O-O 16. Nxe4 Bxe4 17. c4 Qa6 18. Nxg5 hxg5 19. Bxe4 dxe4 20. Qxe4 Qa5 21. c5
Be7 22. Rfd1 Rad8 23. Qg4 Rd5 24. h4 Kh7 25. Kg2 gxh4 26. Rd3 Rg8 27. Qe4+ Rg6
28. Rh1 Qxa2 29. Bc1 Kg7 30. g4 f5 31. Qe1 Rxg4+ 32. Kf1 Kf7 0-1

[Event "Druga liga Srbije grupa Vojvodina 2013"]
[Site "Stari Banovci"]
[Date "2013.11.09"]
[Round "8.4"]
[White "Adamov, Ivan"]
[Black "Gavric, Zivojin"]
[Result "1/2-1/2"]
[WhiteElo "1901"]
[BlackElo "2124"]
[PlyCount "83"]
[EventDate "2013.11.04"]

1. e4 c6 2. d4 d5 3. e5 Bf5 4. Nf3 e6 5. Be2 Ne7 6. O-O Nd7 7. Be3 h6 8. Nbd2
Bh7 9. Nb3 Nf5 10. Bf4 g5 11. Bc1 Be7 12. a4 Rc8 13. c4 dxc4 14. Bxc4 Nb6 15.
Bd3 g4 16. Ne1 h5 17. Nc2 Nd5 18. Ne3 Nh4 19. Bxh7 Rxh7 20. Nc5 b6 21. Ne4 Rg7
22. Nc4 Nf5 23. b3 b5 24. axb5 cxb5 25. Ne3 Ndxe3 26. Bxe3 Qd5 27. Qd3 Qb7 28.
Rfc1 Rxc1+ 29. Rxc1 h4 30. Qc2 Kd7 31. d5 Nxe3 32. fxe3 exd5 33. Nc5+ Bxc5 34.
Qxc5 Rg6 35. Qf8 Ke6 36. Qe8+ Kf5 37. Rf1+ Ke4 38. Qf8 Qb6 39. Qxf7 Qxe3+ 40.
Kh1 Rc6 41. Qf5+ Kd4 42. Rd1+ 1/2-1/2

[Event "Druga liga Srbije grupa Vojvodina 2013"]
[Site "Stari Banovci"]
[Date "2013.11.09"]
[Round "8.6"]
[White "Stojanovic, Dalibor"]
[Black "Moldovanovic, Dragan"]
[Result "1-0"]
[WhiteElo "2508"]
[BlackElo "2057"]
[PlyCount "147"]
[EventDate "2013.11.04"]

1. e4 e6 2. d4 d5 3. Nc3 Nf6 4. e5 Nfd7 5. f4 c5 6. Nf3 cxd4 7. Nxd4 Nc6 8. Be3
Be7 9. Qd2 Nb6 10. O-O-O Bd7 11. Qf2 O-O 12. Bd3 Nb4 13. f5 Nxd3+ 14. Rxd3 Nc4
15. f6 Nxe5 16. fxe7 Nxd3+ 17. cxd3 Qxe7 18. Nf3 b6 19. Re1 Rac8 20. Kb1 f6 21.
d4 Qf7 22. Bf4 a5 23. Qg3 Qg6+ 24. Qxg6 hxg6 25. h4 Kf7 26. Kc2 Rfe8 27. Kd2 b5
28. Ne2 Rc6 29. Rc1 Rec8 30. Rxc6 Bxc6 31. a3 b4 32. axb4 axb4 33. Nc1 Bb5 34.
Bd6 Bf1 35. g3 Rc4 36. Nb3 Bg2 37. Ne1 Be4 38. Bc5 e5 39. Na5 exd4 40. Nxc4
dxc4 41. Bxd4 c3+ 42. bxc3 bxc3+ 43. Bxc3 Kg8 44. Ke3 Bd5 45. Nf3 Bc6 46. Kf4
Kf7 47. g4 Bb7 48. g5 Bc6 49. Nd2 Bg2 50. Ne4 fxg5+ 51. hxg5 Bf1 52. Ke5 Be2
53. Nd6+ Ke7 54. Bb4 Bd3 55. Nf5+ Kf7 56. Nd4 Bc4 57. Kd6 Ba2 58. Nf3 Bb3 59.
Ne5+ Kg8 60. Ke7 Bc2 61. Bc3 Bb1 62. Nc6 Bd3 63. Nd8 Bc2 64. Ne6 Bb3 65. Nxg7
Ba2 66. Kf6 Bb1 67. Ne6 Bc2 68. Nf4 Kh7 69. Nd5 Kh8 70. Nf4 Kh7 71. Bb4 Bf5 72.
Bf8 Bc2 73. Bh6 Bb1 74. Ne6 1-0